Welcome to CU Library Online Public Access Catalogue (OPAC)

UNDERSTAND YOUR ACCOUNTS (Record no. 3303)

MARC details
000 -LEADER
fixed length control field 00467nam a22001697a 4500
005 - DATE AND TIME OF LATEST TRANSACTION
control field 20250131141344.0
008 - FIXED-LENGTH DATA ELEMENTS--GENERAL INFORMATION
fixed length control field 250131b |||||||| |||| 00| 0 eng d
020 ## - INTERNATIONAL STANDARD BOOK NUMBER
International Standard Book Number 9780749430016
050 ## - LIBRARY OF CONGRESS CALL NUMBER
Classification number HG 4027
Item number .3 PRI
082 ## - DEWEY DECIMAL CLASSIFICATION NUMBER
Edition information 4TH ED
100 ## - MAIN ENTRY--PERSONAL NAME
Personal name PRICE, JOHN ST A
245 ## - TITLE STATEMENT
Title UNDERSTAND YOUR ACCOUNTS
Remainder of title A Guide to small Business Finance
Statement of responsibility, etc. A ST JOHN PRICE
250 ## - EDITION STATEMENT
Edition statement 4TH ED
260 ## - PUBLICATION, DISTRIBUTION, ETC.
Place of publication, distribution, etc. LONDON
Name of publisher, distributor, etc. KOGAN PAGE
Date of publication, distribution, etc. c1999
300 ## - PHYSICAL DESCRIPTION
Extent vii, 272p..;
942 ## - ADDED ENTRY ELEMENTS (KOHA)
Source of classification or shelving scheme Library of Congress Classification
Koha item type Books
Suppress in OPAC No
999 ## -
-- 3303
-- 3303
Holdings
Withdrawn status Lost status Source of classification or shelving scheme Damaged status Not for loan Collection Home library Current library Shelving location Date acquired Total checkouts Full call number Barcode Date last seen Copy number Price effective from Koha item type Public note
    Library of Congress Classification     Non-fiction Undergraduate Library (Christ Temple) Undergraduate Library (Christ Temple) General stacks 01/31/2025   HG 4027.3 PRI ulct00001030 01/31/2025 1 01/31/2025 Books  
    Library of Congress Classification     Non-fiction Undergraduate Library (Christ Temple) Undergraduate Library (Christ Temple) General stacks 01/31/2025   HG 4027.3 PRI ulct00001031 01/31/2025 2 01/31/2025 Books  
    Library of Congress Classification     Non-fiction Undergraduate Library (Christ Temple) Undergraduate Library (Christ Temple) General stacks 01/31/2025   HG 4027.3 PRI ulct00001032 01/31/2025 3 01/31/2025 Books  
    Library of Congress Classification       Undergraduate Library (Christ Temple) Undergraduate Library (Christ Temple)   02/25/2026   HG 4027.3 PRI GSCT00002926 02/25/2026 1 02/25/2026 Books EAQ
    Library of Congress Classification       Undergraduate Library (Christ Temple) Undergraduate Library (Christ Temple)   02/25/2026   HG 4027.3 PRI GSCT00002927 02/25/2026 2 02/25/2026 Books EAQ
© 2023-2024 Copyright: Central University Libraries. All Rights Reserved | Created by: Mahone Tech Office